Statistiques concernant Communes de la Sarthe

Cliquez ici pour prendre le quiz!

Statistiques générales

  • Ce quiz a été pris 59 fois
  • Le résultat moyen est 90 sur 354

Statistiques - réponses

Commune% Correct
Le Mans
97%
La Flèche
92%
Sablé-sur-Sarthe
82%
Allonnes
79%
La Ferté-Bernard
77%
Mamers
77%
Ballon-Saint Mars
72%
La Suze-sur-Sarthe
72%
Arnage
69%
Mulsanne
69%
Sillé-le-Guillaume
69%
Sillé-le-Philippe
69%
Yvré-le-Pôlin
69%
Yvré-l'Évêque
69%
Coulaines
67%
Le Lude
67%
Loué
67%
La Chapelle-Saint-Aubin
64%
Sargé-lès-le-Mans
64%
Vibraye
62%
Parigné-le-Pôlin
59%
Parigné-l'Évêque
59%
Bonnétable
56%
Conlie
56%
Écommoy
54%
Neuville-sur-Sarthe
54%
Ruaudin
54%
Saint-Calais
54%
Changé
51%
La Bazoge
51%
Montval-sur-Loir
51%
Saint-Saturnin
51%
Brûlon
49%
Champagné
49%
Connerré
49%
Fresnay-sur-Sarthe
49%
Saint-Mars-d'Outillé
49%
Saint-Mars-de-Locquenay
46%
Saint-Mars-la-Brière
46%
Beaumont-Pied-de-Boeuf
44%
Beaumont-sur-Dême
44%
Beaumont-sur-Sarthe
44%
Parcé-sur-Sarthe
44%
Saint-Jean-de-la-Motte
44%
Saint-Jean-du-Bois
44%
Savigné-l'Évêque
44%
Savigné-sous-le-Lude
44%
Solesmes
44%
Spay
44%
Malicorne-sur-Sarthe
41%
Marolles-les-Braults
41%
Marolles-lès-Saint-Calais
41%
Montfort-le-Gesnois
41%
Saint-Georges-du-Bois
41%
Saint-Jean-d'Assé
41%
Saint-Jean-des-Échelles
41%
Tuffé Val de la Chéronne
41%
Bouloire
38%
Rouillon
38%
Saint-Georges-de-la-Couée
38%
Saint-Léonard-des-Bois
38%
Saint-Pavace
38%
Saint-Pierre-des-Bois
38%
Saint-Pierre-du-Lorouër
38%
Aigné
36%
Cérans-Foulletourte
36%
Cherré-Au
36%
Étival-lès-le-Mans
36%
Guécélard
36%
Moncé-en-Belin
36%
Moncé-en-Saosnois
36%
Noyen-sur-Sarthe
36%
Pruillé-le-Chétif
36%
Pruillé-l'Éguillé
36%
Sainte-Jamme-sur-Sarthe
36%
Saint-Georges-du-Rosay
36%
Saint-Georges-le-Gaultier
36%
Saint-Pierre-de-Chevillé
36%
Saint-Pierre-des Ormes
36%
Saint-Rémy-du-Val
36%
Saint-Vincent-du-Lorouër
36%
Souligné-Flacé
36%
Souligné-sous-Ballon
36%
Teloché
36%
Asnières-sur-Vègre
33%
Clermont-Créans
33%
Coulans-sur-Gée
33%
Joué-en-Charnie
33%
Joué-l'Abbé
33%
La Milesse
33%
Saint-Gervais-en-Belin
33%
Saint-Rémy-de-Sillé
33%
Saint-Rémy-des-Monts
33%
Saint-Vincent-des-Prés
33%
Vaas
33%
Voivres-lès-le-Mans
33%
Bazouges Cré sur Loir
31%
Beillé
31%
Bessé-sur-Braye
31%
Brette-les-Pins
31%
Chaufour-Notre-Dame
31%
Fillé
31%
Laigné-en-Belin
31%
Le Grand-Lucé
31%
Mayet
31%
Montmirail
31%
Nogent-le-Bernard
31%
Nogent-sur-Loir
31%
Pontvallain
31%
Saint-Cosme-en-Vairais
31%
Saint-Gervais-de-Vic
31%
Thorigné-sur-Dué
31%
Villaines-la-Carelle
31%
Villaines-la-Gonais
31%
Villaines-sous-Lucé
31%
Villaines-sous-Malicorne
31%
Auvers-le-Hamon
28%
Auvers-sous-Montfaucon
28%
Chemiré-en-Charnie
28%
Chemiré-le-Gaudin
28%
Courcemont
28%
Courgains
28%
Degré
28%
Lombron
28%
Roézé-sur-Sarthe
28%
Saint-Michel-de-Chavaignes
28%
Tennie
28%
Vivoin
28%
Avoise
26%
Challes
26%
Coudrecieux
26%
La Chapelle-Saint-Rémy
26%
La Chartre-sur-le-Loir
26%
Mézières-sous-Lavardin
26%
Mézières-sur-Ponthouin
26%
Montbizot
26%
Précigné
26%
Saint-Aubin-de-Locquenay
26%
Saint-Aubin-des-Coudrais
26%
Saint-Denis-d'Orques
26%
Saint-Ouen-en-Champagne
26%
Sceaux-sur-Huisne
26%
Torcé-en-Vallée
26%
Trangé
26%
Vallon-sur-Gée
26%
Aubigné-Racan
23%
Beaufay
23%
Briosne-lès-Sables
23%
Courceboeufs
23%
Duneau
23%
Fatines
23%
Fay
23%
Juigné-sur-Sarthe
23%
La Chapelle-du-Bois
23%
Le Breil-sur-Mérize
23%
Louplande
23%
Lucé-sous-Ballon
23%
Mansigné
23%
Pirmil
23%
Poillé-sur-Vègre
23%
Saint-Célerin
23%
Saint-Christophe-en-Champagne
23%
Saint-Denis-des-Coudrais
23%
Saint-Ouen-de-Mimbré
23%
Saint-Ouen-en-Belin
23%
Soulitré
23%
Ardenay-sur-Mérize
21%
Brains-sur-Gée
21%
Courcival
21%
Dangeul
21%
Dollon
21%
Fyé
21%
Juillé
21%
Jupilles
21%
La Guierche
21%
Lavaré
21%
Le Luart
21%
Loir en Vallée
21%
Luceau
21%
Montreuil-le-Chétif
21%
Montreuil-le-Henri
21%
Requeil
21%
Rouperroux-le-Coquet
21%
Saint-Christophe-du-Jambert
21%
Sainte-Sabine-sur-Longève
21%
Saint-Marceau
21%
Villeneuve-en-Perseigne
21%
Aillières-Beauvoir
18%
Amné
18%
Ancinnes
18%
Arçonnay
18%
Assé-le-Boisne
18%
Assé-le-Riboul
18%
Bernay-Neuvy-en-Champagne
18%
Champfleur
18%
Chevillé
18%
Commerveil
18%
Courgenard
18%
Courtillers
18%
Dissay-sous-Courcillon
18%
Jauzé
18%
La Bosse
18%
Le Bailleul
18%
Lhomme
18%
Louailles
18%
Neufchâtel-en-Saosnois
18%
Parennes
18%
Peray
18%
René
18%
Ruillé-en-Champagne
18%
Saint-Biez-en-Belin
18%
Saint-Germain-d'Arcé
18%
Saint-Symphorien
18%
Ségrie
18%
Sougé-le-Ganelon
18%
Terrehault
18%
Vernie
18%
Vion
18%
Avessé
15%
Avezé
15%
Chantenay-Villedieu
15%
Chassillé
15%
Cormes
15%
Courcelles-la-Forêt
15%
Crannes-en-Champagne
15%
Crissé
15%
Domfront-en-Champagne
15%
Épineu-le-Chevreuil
15%
Fercé-sur-Sarthe
15%
Fontenay-sur-Vègre
15%
La Chapelle-aux-Choux
15%
La Chapelle-d'Aligné
15%
La Chapelle-Saint-Fray
15%
La Fontaine-Saint-Martin
15%
La Quinte
15%
Luché-Pringé
15%
Mareil-en-Champagne
15%
Mareil-sur-Loir
15%
Marigné-Laillé
15%
Marollette
15%
Monhoudou
15%
Mont-Saint-Jean
15%
Nauvay
15%
Notre-Dame-du-Pé
15%
Panon
15%
Préval
15%
Prévelles
15%
Rouessé-Fontaine
15%
Rouessé-Vassé
15%
Saint-Aignan
15%
Saint-Corneille
15%
Saint-Longis
15%
Saint-Paterne-Le Chevain
15%
Saint-Paul-le-Gaultier
15%
Saosnes
15%
Souvigné-sur-Même
15%
Souvigné-sur-Sarthe
15%
Tassé
15%
Volnay
15%
Arthezé
13%
Bousse
13%
Conflans-sur-Anille
13%
Contilly
13%
Crosmières
13%
Dureil
13%
Lavardin
13%
Les Mées
13%
Ligron
13%
Longnes
13%
Louzes
13%
Maisoncelles
13%
Maresché
13%
Mézeray
13%
Montaillé
13%
Neuvillette-en-Charnie
13%
Nouans
13%
Nuillé-le-Jalais
13%
Oisseau-le-Petit
13%
Piacé
13%
Pizieux
13%
Saint-Calez-en-Saosnois
13%
Surfonds
13%
Vezot
13%
Viré-en-Champagne
13%
Boëssé-le-Sec
10%
Bouër
10%
Bourg-le-Roi
10%
Chérancé
10%
Congé-sur-Orne
10%
Cures
10%
Écorpain
10%
Lamnay
10%
Lavernat
10%
Louvigny
10%
Marçon
10%
Melleray
10%
Moulins-le-Carbonnel
10%
Neuvillalais
10%
Oizé
10%
Pezé-le-Robert
10%
Rouez
10%
Sainte-Cérotte
10%
Saint-Maixent
10%
Saint-Martin-des-Monts
10%
Saint-Victeur
10%
Souillé
10%
Teillé
10%
Thoigné
10%
Thoiré-sous-Contensor
10%
Thoiré-sur-Dinan
10%
Val-d'Étangson
10%
Verneil-le-Chétif
10%
Vouvray-sur-Huisne
10%
Avesnes-en-Saosnois
8%
Berfay
8%
Bérus
8%
Bethon
8%
Champrond
8%
Chenu
8%
Chérisay
8%
Cogners
8%
Coulongé
8%
Douillet
8%
Flée
8%
Gesnes-le-Gandelin
8%
Grandchamp
8%
Gréez-sur-Roc
8%
La Chapelle-Huon
8%
Le Grez
8%
Les Aulneaux
8%
Maigné
8%
Meurcé
8%
Moitron-sur-Sarthe
8%
Pincé
8%
Rahay
8%
Saint-Ulphace
8%
Semur-en-Vallon
8%
Tassillé
8%
Valennes
8%
Vancé
8%
Blèves
5%
Château-l'Hermitage
5%
Chenay
5%
Courdemanche
5%
Dehault
5%
Doucelles
5%
La Bruère-sur-Loir
5%
Le Tronchet
5%
Livet-en-Saosnois
5%
Sarcé
5%
Théligny
5%
Tresson
5%
Chahaignes
3%
Thorée-les-Pins
3%

Distribution des résultats

Percentile par nombre de réponses

% des personnes avec chaque résultat

Votre développement - résultats

Vous n’avez pas pris ce quiz